Επιστήμες της εκπαίδευσης : η διαμόρφωση και η εξέλιξη ενός επιστημονικού πεδίου
Αποθηκεύτηκε σε:
| Κύριος συγγραφέας: | |
|---|---|
| Άλλοι συγγραφείς: | |
| Μορφή: | Βιβλίο |
| Γλώσσα: | Greek French |
| Δημοσίευση: |
[Αθήνα] :
Μεταίχμιο,
c2008.
|
| Σειρά: | Επιστήμες της αγωγής. Θεωρίες της αγωγής.
|
| Θέματα: | |
| Ετικέτες: |
Προσθήκη ετικέτας
Δεν υπάρχουν, Καταχωρήστε ετικέτα πρώτοι!
|
MARC
| LEADER | 00000cam a2200000 i 4500 | ||
|---|---|---|---|
| 001 | 1/30028 | ||
| 008 | 130523s2008 gr | ||| |||| ||gre|| | ||
| 020 | |a 9789604554096 | ||
| 035 | |l 10114486 | ||
| 040 | |a GR-MyUa |b gre |e AACR2 | ||
| 041 | 1 | |a gre |h fre | |
| 082 | 7 | |a 370.1 |2 (22) | |
| 100 | 1 | |a Mialaret, Gaston. | |
| 245 | 1 | 0 | |a Επιστήμες της εκπαίδευσης : |b η διαμόρφωση και η εξέλιξη ενός επιστημονικού πεδίου / |c Gaston Mialaret ; μετάφραση: Δέσποινα Καρακατσάνη. |
| 260 | |a [Αθήνα] : |b Μεταίχμιο, |c c2008. | ||
| 300 | |a 279 σ. ; |c 21 εκ. | ||
| 490 | 1 | |a (Επιστήμες της αγωγής. Θεωρίες της αγωγής) | |
| 500 | |a Τίτλος πρωτοτύπου: Sciences de l'education, aspects historiques, problems epistemologiques. | ||
| 504 | |a Περιλαμβάνει βιβλιογραφικές σημειώσεις (σ. 265-271) και ευρετήριο (σ. 273-279). | ||
| 650 | 0 | |a Education |x Study and teachings. | |
| 650 | 0 | |a Education |x Philosophy. | |
| 650 | 0 | |a Education |x Experimental methods. | |
| 650 | 0 | |a Education |x Sociology |z Greece. | |
| 650 | 0 | |a Education |x History |x Study and teaching. | |
| 700 | 1 | |a Καρακατσάνη, Δέσποινα, |e trlf | |
| 830 | 0 | |a Επιστήμες της αγωγής. |p Θεωρίες της αγωγής. | |
| 852 | |a INST |b RHODES |c EUDOXUS |e 20130523 |h 370.1 MIA |p 005400035252 |q 005400035252 |t EDX |y 0 | ||
| 852 | |a INST |b RHODES |c EUDOXUS |e 20170426 |h 370.1 MIA |p 005400039266 |q 005400039266 |t EDX |y 0 | ||
| 901 | |a BIBL4-2013-2 | ||
| 920 | |a Εύδοξος |b Παραγγελία |y Ρόδος-ΠΤΔΕ |z 2013-05 | ||
| 922 | |a 4ΕΛΗ | ||
| 920 | |a Εύδοξος |b Παραγγελία |y Ρόδος-ΠΤΔΕ |z 2017-04 | ||
| 970 | |z 2013/05/23 | ||